000
00291nam a2200133Ia 4500
100
_a
Dyer & Dyer
942
_c
BK
654
_a
Management
245
_a
Enjoyment of Management
260
_b
Taraporevala Publshing Industries
_c
2001
082
_a
658
300
_a
187
546
_a
ENGLISH
999
_c
29469
_d
29469